000 00345nam a2200133Ia 4500
005 20260326235504.0
008 260326s9999||||xx |||||||||||||| ||und||
100 _aNorberg-Schulz, Christian
245 0 _aMeaning in western Architecture /
_cChristian Norberg-Schulz
260 _bRizzoli
300 _a236 p.
650 _aHISTORIA
942 _cBK
999 _c8134
_d8134